000 01179cjm a22003971a 4500
001 12065830
005 20180109082746.0
007 sdufungnn---ed
008 931029p19931991ne opn dhi rus
010 _a 99586421
024 1 _a028943409728
028 0 3 _a434 097-2
_bPhilips
028 0 0 _a434 098-2
_bPhilips
028 0 0 _a434 099-2
_bPhilips
028 0 0 _a434 100-2
_bPhilips
033 0 0 _a199107--
_b7004
_cL4
035 _a(OCoLC)ocm29214543
040 _aDLC
_cMNS
_dCSv
_dDLC
041 0 _drus
_eeng
_efre
_eger
_erus
_aeng
042 _alcderive
080 _a94 TOL
082 _a94 TOL
100 1 _a16
101 _aHIS
240 1 0 _aVoĭna i mir
245 1 0 _aWar and peace
_cSergei Prokofiev.
306 _a025056
511 0 _aSoloists, chorus and orchestra of the Kirov Opera, St. Petersburg ; Valery Gergiev, conductor.
518 _aRecorded July 1991, Marinsky Theatre, St. Petersburg.
740 0 _aKrieg und Frieden.
740 0 _aGuerre et paix.
740 0 _aGuerra e pace.
906 _a0
_bcbc
_ccopycat
_d3
_encip
_f19
_gy-soundrec
942 _2ddc
_cBK
999 _c39954
_d39954